000 00365 a2200157 4500
001 155273
040 _cEscola São Tomás de Aquino
100 _aJÚNIOR, José Ruy Giovanni
240 1 0 _aA conquista da matemática
_lpor
245 1 0 _aA conquista da matemática
300 _a311
362 0 _a2011
440 1 _aFTD
697 _aMATEMÁTICA
942 _cBK
999 _c155273
_d155273